Historia de rusia en la postguerra
محفوظ في:
| المؤلف الرئيسي: | |
|---|---|
| التنسيق: | كتاب |
| اللغة: | الإسبانية |
| منشور في: |
Madrid
Gredos
1968
|
| سلاسل: | Biblioteca Universitaria Gredos. Ensayos, 8
|
| الموضوعات: | |
| الوسوم: |
إضافة وسم
لا توجد وسوم, كن أول من يضع وسما على هذه التسجيلة!
|
MARC
| LEADER | 00000nam a2200000 a 4500 | ||
|---|---|---|---|
| 001 | UCO1680 | ||
| 003 | CL-VaPUC | ||
| 008 | 000519e19680000SP |||||||||||||||||spa|d | ||
| 082 | 0 | 4 | |a 947.084 |b PET |2 21 |
| 100 | 0 | |a Pethybridge, R. W |e author |9 444108 | |
| 245 | 1 | 0 | |a Historia de rusia en la postguerra |
| 300 | |a 366 p | ||
| 942 | |c BK | ||
| 945 | |d 20000519 00:00:00 |a rherrera | ||
| 260 | |a Madrid |b Gredos |c 1968 | ||
| 600 | 0 | 7 | |a STALIN, JOSEPH |2 CL-VaPUC |9 313919 |
| 600 | 0 | 7 | |a KRUCHEV, NIKITA |2 CL-VaPUC |9 437776 |
| 650 | 7 | |a HISTORIA DE RUSIA 1945-1961 |2 CL-VaPUC |9 444109 | |
| 650 | 0 | |a Segunda Guerra Mundial |9 325982 | |
| 650 | 7 | |a POSTGUERRA |2 CL-VaPUC |9 391812 | |
| 650 | 0 | |a Política exterior |9 316628 | |
| 650 | 7 | |a POLITICA INTERIOR |2 CL-VaPUC |9 371849 | |
| 651 | 0 | |a Rusia |9 256106 | |
| 583 | |a last modification |c 20120831 12:14:46 |k Rodrigo Vera | ||
| 490 | 0 | |a Biblioteca Universitaria Gredos. Ensayos, 8 | |
| 999 | |c 288284 |d 288282 | ||
| 952 | |0 0 |1 0 |4 0 |6 947_084000000000000_PET_1968 |7 0 |8 A |9 335866 |a BIBHIS |b BIBHIS |d 2019-11-20 |i 1282433 |o 947.084 PET 1968 |p 1282433 |r 2025-01-20 |w 2019-11-20 |y BK |k HIS | ||